000 00511nam a2200181Ia 4500
005 20250508162617.0
008 008 250505s9999 xx 000 0 hin d
037 _aTextual
040 _aFEDL
_beng
_cFEDL
041 _ahin
_2hin
084 _a153.9, VER
_qFEDL
100 _aVernon Philip
_984000
245 0 _aManviya yogytaon ki sanrachna
260 _aJaipur, India
_bRajasthan Hindi Granth Akademi
_c1980
300 _aiv,199p
942 _cTEXL
_h153.9, VER
999 _c1377627
_d1377627